=LDR 00000nam 2200000 4500 =001 NUTBA000000000005599 =005 20210312083729 =035 ##$$a 0010-111400000000078 =008 210312################g##########0#ind## =020 ##$$a 978-979-010-911-7 =082 ##$$a 341.448 =090 ##$$a 341.448 Sya p =100 #$$a Syamsumar Dam =245 1#$$a Politik kelautan /$c Syamsumar Dam =250 ##$$a cet.1 =260 ##$$a Jakarta :$b Bumi Aksara,$c 2010 =300 ##$$a xv, 315 hlm : $b ilus ; $c 22 x 14 cm =850 ##$$aNBPNMAT =084 ##$$a 341.448 SYA p =650 #4$$a Wilayah perairan-aspek hukum dan fakta =520 ##$$a Bibliografi: hal.285 =990 ##$$a 21303440 =990 ##$$a 21303443 =990 ##$$a 21303439 =990 ##$$a 21303442 =990 ##$$a 21303441 =990 ##$$a 21303443 =990 ##$$a 21303440 =990 ##$$a 21303439 =990 ##$$a 21303442 =990 ##$$a 21303441 =990 ##$$a 21303439 =990 ##$$a 21303440 =990 ##$$a 21303443 =990 ##$$a 21303442 =990 ##$$a 21303441